00315nam a2200145Ia 45000030006000000080041000060400015000471000016000622450021000782500010000992600025001093000006001345460012001400050017001520STCL150530s9999 xx 000 0 und d aSTCLcSTCL aSahni, M.R. aMan in evolution aFirst bOrient Longmanc1952 a0 aEnglish20220125170447.0